Keep a sense of proportion (Record no. 79369)

MARC details
000 -LEADER
fixed length control field 01222cab a22002655a 4500
001 - CONTROL NUMBER
control field L140857
008 - FIXED-LENGTH DATA ELEMENTS--GENERAL INFORMATION
fixed length control field 071015e20071013xxk f 000 0 eng d
035 ## - SYSTEM CONTROL NUMBER
System control number (Sirsi) u140857
041 0# - LANGUAGE CODE
Language code of text/sound track or separate title eng
100 1# - MAIN ENTRY--PERSONAL NAME
Personal name Firn, Keith
245 00 - TITLE STATEMENT
Title Keep a sense of proportion
260 ## - PUBLICATION, DISTRIBUTION, ETC.
Date of publication, distribution, etc. 2007
490 #0 - SERIES STATEMENT
Series statement Estates Gazette
Volume/sequential designation (0741) 13 October 2007, 192-194(3)
520 ## - SUMMARY, ETC.
Summary, etc. The first article in a three part series on dilapidations examines the principles behind dilapidations claims and what surveyors should be aware of when assessing loss. With reference to relevant case law, looks at the guiding principle on loss (restitutio in integrum/restoration to original condition), the landlord's intentions, the reasonableness of the claim, and the question of proportionality. (See also L140961).
590 ## - LOCAL NOTE (RLIN)
Local note KA
650 24 - SUBJECT ADDED ENTRY--TOPICAL TERM
Topical term or geographic name entry element JACOB AND YOUNGS V KENT
650 24 - SUBJECT ADDED ENTRY--TOPICAL TERM
Topical term or geographic name entry element RUXLEY ELECTRONICS AND CONSTRUCTION LTD V FORSYTH
650 24 - SUBJECT ADDED ENTRY--TOPICAL TERM
Topical term or geographic name entry element DODD PROPERTIES (KENT) LTD V CANTERBURY CITY COUNCIL
650 24 - SUBJECT ADDED ENTRY--TOPICAL TERM
Topical term or geographic name entry element RICS DILAPIDATIONS GUIDANCE NOTE
650 24 - SUBJECT ADDED ENTRY--TOPICAL TERM
Topical term or geographic name entry element LANDLORD AND TENANT ACT 1927 S18(1)
651 #4 - SUBJECT ADDED ENTRY--GEOGRAPHIC NAME
Geographic name England and Wales
Chronological subdivision 1543-
690 ## - LOCAL SUBJECT ADDED ENTRY--TOPICAL TERM (OCLC, RLIN)
Topical term or geographic name as entry element PROPERTY-LANDLORD AND TENANT-DILAPIDATIONS
700 1# - ADDED ENTRY--PERSONAL NAME
Personal name Stell, Patrick
942 ## - ADDED ENTRY ELEMENTS (KOHA)
Suppress in OPAC 0
Holdings
Withdrawn status Lost status Source of classification or shelving scheme Damaged status Not for loan Home library Current library Shelving location Date acquired Total Checkouts Full call number Barcode Date last seen Copy number Price effective from Koha item type
    Dewey Decimal Classification     London London Journal article 15/10/2007   L140857 140857-1001 06/08/2019 1 06/08/2019 Journal article